MARC

LEADER 00000nam0a2200000 4500
001 261148
005 20240914063126.0
035 |a (RuTPU)RU\TPU\book\284122 
090 |a 261148 
100 |a 20140521d1982 m y0rusy50 ca 
101 0 |a rus 
102 |a RU 
105 |a a z 000zy 
200 1 |a В залах московского пушкинского музея  |e путеводитель  |f Е. В. Муза, С. Т. Овчинникова 
210 |a Москва  |c Московский рабочий  |d 1982 
215 |a 79 с.  |c ил. 
600 1 |a Пушкин  |b А. С.  |c российский поэт  |c писатель  |f 1799-1837  |g Александр Сергеевич  |7 ca  |8 rus  |2 stltpush  |3 (RuTPU)RU\TPU\pers\1026  |9 453 
610 1 |a путеводители 
610 1 |a музеи 
610 1 |a музей А. С. Пушкина 
610 1 |a экспонаты 
610 1 |a портреты 
675 |a 8Р1(092)  |v 3 
700 1 |a Муза  |b Е. В.  |g Елена Владимировна  |4 070 
701 1 |a Овчинникова  |b С. Т.  |g Светлана Тхоновна  |4 070 
801 1 |a RU  |b 63413507  |c 20140521 
942 |c BK